Loading...
| Science - Other | 0 | 4 | 0 | 1 | 40 | 28 | 86.00 | 0 | 2 | 0.00 | 0.00 |
| Fine Arts - Classical Music | 0 | 4 | 1 | 2 | 35 | 55 | 93.75 | 0 | 1 | 0.00 | 0.00 |
| Geography | 0 | 2 | 0 | 0 | 20 | 60 | 85.00 | 0 | 1 | 0.00 | 0.00 |
| Literature - British | 0 | 2 | 0 | 0 | 20 | 52 | 68.00 | 1 | 1 | 0.00 | 0.00 |
| Religion | 0 | 2 | 1 | 0 | 15 | 61 | 64.50 | 0 | 1 | 0.00 | 0.00 |
| History - European | 0 | 2 | 1 | 0 | 15 | 29 | 43.50 | 0 | 0 | 0.00 | 0.00 |
| Current Events | 0 | 1 | 0 | 0 | 10 | 71 | 71.00 | 0 | 1 | 0.00 | 0.00 |
| History - American | 0 | 2 | 2 | 1 | 10 | 95 | 95.00 | 0 | 0 | 0.00 | 0.00 |
| History - Other | 0 | 1 | 0 | 0 | 10 | 104 | 104.00 | 0 | 0 | 0.00 | 0.00 |
| Literature - American | 0 | 1 | 0 | 0 | 10 | 26 | 26.00 | 1 | 1 | 0.00 | 0.00 |
| Popular Culture | 0 | 1 | 0 | 0 | 10 | 86 | 86.00 | 0 | 0 | 0.00 | 0.00 |
| Science - Biology | 0 | 1 | 0 | 0 | 10 | 67 | 67.00 | 0 | 0 | 0.00 | 0.00 |
| History - World | 0 | 1 | 1 | 0 | 5 | 70 | 70.00 | 0 | 1 | 0.00 | 0.00 |
| Fine Arts - Other | 0 | 1 | 2 | 0 | 0 | 37 | 37.00 | 1 | 1 | 0.00 | 0.00 |